000 00595nam a2200169Ia 4500
005 20250807104733.0
008 250807s9999 xx 000 0 und d
020 _a185207440X
082 _a953.67
_bASS.12
100 _aAsser, Martin
245 0 _aKuwait Political Agency 13 Volume Hardback Set: Arabic Documents 1899-1949
245 0 _cAsser, Martin
260 _bCambridge Archive Editions
_c1992
520 _aArabic documents, with translations, from the Kuwait Political Agency - a research resource for Kuwaiti, Saudi and Arab Gulf history.
650 _aHistory
942 _cENGLISH
999 _c579099
_d579099